Manual para implementar políticas de género en las ccoperativas /

Сохранить в:
Библиографические подробности
Главный автор: Herrera, Julia
Корпоративные авторы: OIT, Centro Cooperativo Sueco Alianza Cooperativa
Другие авторы: Simone, Alejandra de
Формат: Текст
Опубликовано: s.l.: OIT
Метки: Добавить метку
Нет меток, Требуется 1-ая метка записи!

MARC

LEADER 00000 a a2200000 04500
001 26786
003
040 |a CRAI/IIS  |c CRAI/IIS 
020 |a 92-2-312064-0  
090 |a 149800  
100 |a Herrera, Julia  
110 |a OIT  
245 |a Manual para implementar políticas de género en las ccoperativas /  |c OIT  
260 |a s.l.:   |b OIT  
300 |a 99 p.  
700 |a Simone, Alejandra de  
710 |a Centro Cooperativo Sueco   |a Alianza Cooperativa  
999 |c 7230  |d 7230